Biggest Cities in the Southern Hemisphere with a Map - Statistics

General Stats
  • This quiz has been taken 73 times
  • The average score is 17 of 20
Answers on the Map
Answers color-coded by a green-red scale on the quiz's map according to % correct below.
 
Answer Stats
Population City % Correct
16.6 m Buenos Aires
99%
11.1 m Lima
99%
7.80 m Santiago
99%
5.40 m Sydney
99%
13.3 m Rio de Janeiro
97%
22.6 m Sao Paulo
97%
4.30 m Cape Town
96%
32.1 m Jakarta
96%
14.2 m Johannesburg
96%
4.05 m Brasilia
94%
5.05 m Melbourne
93%
13.9 m Kinshasa
87%
6.10 m Nairobi
86%
8.45 m Luanda
81%
6.45 m Dar es Salaam
79%
3.85 m Recife
73%
5.05 m Belo Horizonte
71%
4.15 m Porto Alegre
63%
6.15 m Surabaya
60%
7.05 m Bandung
47%
No matching quizzes found
Score Distribution
Percent of People with Each Score
Percentile by Number Answered
Your Score History
You have not taken this quiz